| 000 | 00912cam a2200277 i 4500 | ||
|---|---|---|---|
| 001 | 18130835 | ||
| 003 | EG-ScBUE | ||
| 005 | 20241021091306.0 | ||
| 008 | 140428t2014 sz a f b 001 0 eng d | ||
| 020 | _a9783319067278 | ||
| 040 |
_aDLC _beng _erda _cDLC _dDLC _dEG-ScBUE |
||
| 082 | 0 | 4 |
_222 _a515.7 _bMUS |
| 100 | 1 |
_aMuscat, Joseph, _eauthor. _938603 |
|
| 245 | 1 | 0 |
_aFunctional analysis : _ban introduction to metric spaces, Hilbert spaces, and Banach algebras / _cJoseph Muscat. |
| 264 | 1 |
_aCham : _bSpringer, _c[2014] |
|
| 264 | 4 | _cc2014 | |
| 300 |
_a420 pages : _billustrations ; _c24 cm |
||
| 336 |
_2rdacontent _atext _btxt |
||
| 337 |
_2rdamedia _aunmediated _bn |
||
| 338 |
_2rdacarrier _avolume _bnc |
||
| 504 | _aIncludes bibliographical references and index. | ||
| 650 | 7 |
_2BUEsh _aFunctional analysis. _96879 |
|
| 653 |
_bENGELC _cJune2015 _cOctober2015 |
||
| 655 | _vReading book | ||
| 942 |
_2ddc _cBB |
||
| 999 |
_c19950 _d19922 |
||